000 00688nam a2200289Ia 4500
005 20260324134433.0
008 008 260324s9999 xx 000 0 eng d
020 _a9781315131504
037 _aEBOOK
040 _aCRL
040 _beng
040 _cCRL
041 _2eng
041 _aeng
084 _qCRL
100 _aJudith P. Swazey
_91194370
245 4 _aThe Courage to Fail
245 2 _bA Social View of Organ Transplants and Dialysis
260 _bTaylor and Francis
260 _c2002
365 _a
365 _b230
856 _uhttp://www.taylorfrancis.com/books/9781315131504
942 _cEBOOK
999 _c1796918
_d1796918